Panamá Viejo : (Record no. 471)

MARC details
000 -LEADER
campo de control de longitud fija 02142cam a2200421 a 4500
001 - NÚMERO DE CONTROL
campo de control 15286382
005 - FECHA Y HORA DE LA ÚLTIMA TRANSACCIÓN
campo de control 20220326193314.0
008 - DATOS DE LONGITUD FIJA--INFORMACIÓN GENERAL
campo de control de longitud fija 080418s2007 pn ab b 000 0 spa d
010 ## - NÚMERO DE CONTROL DE LA BIBLIOTECA DEL CONGRESO
Número de control de LC 2008421115
020 ## - NÚMERO INTERNACIONAL ESTÁNDAR DEL LIBRO
Número Internacional Estándar del Libro 9962881145
020 ## - NÚMERO INTERNACIONAL ESTÁNDAR DEL LIBRO
Número Internacional Estándar del Libro 9789962881148
035 ## - NÚMERO DE CONTROL DEL SISTEMA
Número de control de sistema (OCoLC)ocn247140702
040 ## - FUENTE DE CATALOGACIÓN
Centro catalogador/agencia de origen TJC
Centro/agencia transcriptor TJC
Centro/agencia modificador DLC
041 0# - CÓDIGO DE IDIOMA
Código de lengua del texto/banda sonora o título independiente spa
-- eng
042 ## - CÓDIGO DE AUTENTICACIÓN
Código de autenticación lccopycat
043 ## - CÓDIGO DE ÁREA GEOGRÁFICA
Código de área geográfica ncpn---
082 ## - NÚMERO DE LA CLASIFICACIÓN DECIMAL DEWEY
Número de clasificación 919.972.87
Número de ítem P 314p
110 ## - ENTRADA PRINCIPAL--NOMBRE DE ENTIDAD CORPORATIVA
Nombre de entidad corporativa o nombre de jurisdicción como elemento de entrada Programa de Patrimonio Cultural en Panama:Vicente Luis Garcia Sanz
9 (RLIN) 2246
245 00 - MENCIÓN DEL TÍTULO
Título Panamá Viejo :
Resto del título de la aldea a la urbe = Panamá Viejo : from village to city /
Mención de responsabilidad, etc. [coordinación editorial por el Patronato Panamá Viejo ; concepto de la publicación y edición, Walo Araújo].
246 30 - FORMA VARIANTE DEL TITULO
Título propio/Titulo breve De la aldea a la urbe
246 30 - FORMA VARIANTE DEL TITULO
Título propio/Titulo breve From village to city
260 ## - PUBLICACIÓN, DISTRIBUCIÓN, ETC.
Lugar de publicación, distribución, etc. Ciudad de Panamá :
Nombre del editor, distribuidor, etc. Embajada de España en Panamá :
-- Patronato Panamá Viejo,
Fecha de publicación, distribución, etc. c2007.
300 ## - DESCRIPCIÓN FÍSICA
Extensión 118, [2] p. :
Otras características físicas col. ill., col. maps ;
Dimensiones 28 cm.
500 ## - NOTA GENERAL
Nota general "Esta publicación se realiza en el marco del Programa de Patrimonio Cultural en Panamá de la Agencia Española de Cooperación Internacional, en colaboración con el Patronato Panamá Viejo"--P. facing t.p.
504 ## - NOTA DE BIBLIOGRAFÍA, ETC.
Nota de bibliografía, etc. Includes bibliographical references (p. 118-[119]).
546 ## - NOTA DE IDIOMA
Nota de lengua/lenguaje Spanish and English in parallel texts.
650 #0 - PUNTO DE ACCESO ADICIONAL DE MATERIA--TÉRMINO DE MATERIA
Término de materia o nombre geográfico como elemento de entrada Historic sites
Subdivisión general Conservation and restoration
-- Panama viejo
-- Panama viejo-trabajo pictorico
-- Panama-historia
-- Edificios Historicos-conservacion y restauracion
Subdivisión geográfica Panama
-- Panama.
9 (RLIN) 2247
650 #0 - PUNTO DE ACCESO ADICIONAL DE MATERIA--TÉRMINO DE MATERIA
Término de materia o nombre geográfico como elemento de entrada Historic buildings
Subdivisión general Conservation and restoration
Subdivisión geográfica Panama
-- Panama.
9 (RLIN) 2248
651 #0 - PUNTO DE ACCESO ADICIONAL DE MATERIA--NOMBRE GEOGRÁFICO
Nombre geográfico Panamá Viejo Site (Panama, Panama)
9 (RLIN) 2249
651 #0 - PUNTO DE ACCESO ADICIONAL DE MATERIA--NOMBRE GEOGRÁFICO
Nombre geográfico Panamá Viejo Site (Panama, Panama)
Subdivisión de forma Pictorial works.
9 (RLIN) 2250
651 #0 - PUNTO DE ACCESO ADICIONAL DE MATERIA--NOMBRE GEOGRÁFICO
Nombre geográfico Panama (Panama)
Subdivisión general History.
9 (RLIN) 2251
651 #0 - PUNTO DE ACCESO ADICIONAL DE MATERIA--NOMBRE GEOGRÁFICO
Nombre geográfico Panama (Panama)
Subdivisión general Antiquities.
9 (RLIN) 2252
700 1# - ENTRADA AGREGADA--NOMBRE PERSONAL
Nombre de persona Araújo, Walo.
9 (RLIN) 2253
710 2# - ENTRADA AGREGADA--NOMBRE DE ENTIDAD CORPORATIVA
Nombre de entidad corporativa o nombre de jurisdicción como elemento de entrada Patronato Panamá Viejo.
9 (RLIN) 2254
710 2# - ENTRADA AGREGADA--NOMBRE DE ENTIDAD CORPORATIVA
Nombre de entidad corporativa o nombre de jurisdicción como elemento de entrada Programa de Patrimonio de la Cooperación Española.
9 (RLIN) 2255
906 ## - ELEMENTOS DE DATOS F LOCAL, LDF (RLIN)
a 7
b cbc
c copycat
d 2
e ncip
f 20
g y-gencatlg
Holdings
Estatus retirado Estado de pérdida Fuente del sistema de clasificación o colocación Estado de daño No para préstamo Biblioteca de origen Biblioteca actual Ubicación en estantería Fecha de adquisición Total de préstamos Signatura topográfica completa Código de barras Visto por última vez Precio de reemplazo Tipo de ítem Koha
    Clasificación Decimal Dewey     Biblioteca LadoV Biblioteca LadoV   20/03/2015   919.972.87 P 314p 000394 20/03/2015 20/03/2015 Material 01